000
00312nam a2200121Ia 4500
008
220204s9999 xx 000 0 und d
082
_a
065
_b
GRO
100
_a
Groff, Gene K
245
0
_a
Operations management: Selected readings
260
_a
Bombay
_b
Taraporevala
_c
1975
700
_a
Muth, John F
942
_c
BK
999
_c
30355
_d
30355